1505 1446 1319 1594 1133 1881 1174 1083 1746 1766 1920 1999 1432 1098 1848 1843 1863 1917 1398 1069 1850 1158 1305 1283 1074 1325 1571 1852 1377 1479 1829 1579 1611 1874 1004 1540 1895 1878 1941 1251 1210 1009 1901 1785 1811 1504 1586 1330 1577 1205 1147 1436 1444 1242 1474 1399 1070 1466 1269 1248 1515 1720 1835 1296 1254 1993 1247 1444 1742 1075 1179 1901 1883 1220 1618 1232 1220 1232 1002 1466 1030 1659 1887 1968 1788 1845 1517 1216 1111 1552 1906 1862 1736 1180 1622 1995 1105 1930 1756 BCNSPRNW ULIB Ver.6.0+V

เปลี่ยนเป็นภาษาไทย

Change to English
 แสดงรายละเอียดบรรณานุกรม
  กลับหน้าหลัก

Brief Record : Get Marc (ISO 2709) : E-mail record : QR code < ปิดหน้าต่าง
LEADER : 00000nam 2200000uu 4500
001    13399128021
003     ULIB
008    211223s2559||||th 000 0 tha d
060    วจ.^aWY160^bว132พ
100    ^aวงศ์สิริ แจ่มฟ้า และคณะ
245    ^aพลังสุขภาพจิตของผู้ป่วยมะเร็งที่ได้รับการรักษาในโรงพยาบาลมะเร็งลพบุรี(Resilience in Cancer Patients at Lopburi Cancer Hospital.
260    ^aนครสวรรค์ :^bวิทยาลัยพยาบาลบรมราชชนนี สวรรค์ประชารักษ์ นครสวรรค์.,^c2559
300    ^a52 หน้า;^b30 ซม.
650    ^aสุขภาพจิต
650    ^aมะเร็ง^xผู้ป่วย
700    ^aสุดกัญญา ปานเจริญ
700    ^aศิริรัตน์ จำปีเรือง
710    ^aวิทยาลัยพยาบาลบรมราชชนนี สวรรค์ประชารักษ์ นครสวรรค์ สถาบันพระบรมราชชนก กระทรวงสาธารณสุข
945    ^p0^l0^i008618
999    ^aประนอม เกษจรัล
รายการนี้ยังไม่มีแท็ก
คุณยังไม่ได้ล็อกอิน คุณสามารถมีกิจกรรมร่วมกับเว็บไซต์ได้ แต่ต้องล็อกอินก่อน ::
  ล็อกอิน

รายการสื่อสารสนเทศ

ลำดับที่ ประเภท เลขเรียก/บาร์โค้ด สถานที่ สถานะ
1. Book การพยาบาล
หนังสือสำรอง
สถานะ=หนังสือสำรอง
วจ. WY160 ว132พ ฉ.1 
  Barcode: 008618
ห้องสมุดวิทยาเขตสวรรค์ประชารักษ์
►หนังสือทั่วไป
บนชั้น

รายการใกล้เคียง
    หัวเรื่อง [สุขภาพจิต]
    หัวเรื่อง [มะเร็ง ผู้ป่วย]

BibComment


ยังไม่เคยถูกคอมเมนท์

คอมเมนท์ทรัพยากรรายการนี้
  คอมเมนท์: พลังสุขภาพจิตของ..


 Copyright 2026. Bcnsprnw @Library